[Event "Wch U14 Girls rapid"]
[Site "Rhodes"]
[Date "2022.05.02"]
[Round "6"]
[White "Bendik, Margarita"]
[Black "Haapsal, Maria Ioanna"]
[Result "1-0"]
[WhiteElo "1420"]
[BlackElo "1447"]
[PlyCount "185"]
[EventDate "2022.05.01"]
[EventType "swiss (rapid)"]
[EventRounds "9"]
[EventCountry "GRE"]
[SourceTitle "CBM 208 Extra"]
[Source "ChessBase"]
[SourceDate "2022.07.31"]
[SourceVersion "1"]
[SourceVersionDate "2022.07.31"]
[SourceQuality "1"]

1. e4 c5 2. Nf3 e6 3. d4 cxd4 4. Nxd4 Nc6 5. Nb5 d6 6. c4 a6 7. N5c3 Nf6 8. Be2 Be7 9. Be3 0-0 10. 0-0 Qc7 11. Nd2 Ne5 12. f4 Ned7 13. Bf3 Nc5 14. b4 Ncd7 15. Qe2 a5 16. Nb5 Qb8 17. Qf2 axb4 18. Ba7 Rxa7 19. Qxa7 Qxa7+ 20. Nxa7 b6 21. Nc6 Re8 22. e5 dxe5 23. fxe5 Nxe5 24. Nxe5 Bc5+ 25. Kh1 Bd4 26. Rae1 Bc3 27. Re2 Rd8 28. Ne4 Bxe5 29. g3 Bc7 30. Nxf6+ gxf6 31. Ree1 Ba6 32. Rc1 f5 33. Rfd1 Bd6 34. Kg2 Kf8 35. Rd4 Ke7 36. Bc6 Rc8 37. Bf3 Rd8 38. Re1 Rc8 39. Red1 Rd8 40. Rh4 Rh8 41. Bc6 h6 42. Bb5 Bb7+ 43. Kf1 Bc5 44. Rd7+ Kf6 45. Rxb7 h5 46. Rd7 Ra8 47. Rd2 Rh8 48. Kg2 Kg6 49. Rf4 e5 50. Rf1 f6 51. Rd3 e4 52. Rd5 Ra8 53. Rdxf5 Rxa2+ 54. Kh3 Bd4 55. Be8+ Kh6 56. Rd5 Be5 57. Rb5 h4 58. Rxb4 hxg3 59. hxg3 Ra3 60. Rg1 Kg5 61. Rxb6 Bd4 62. Rgb1 Bxb6 63. Rxb6 e3 64. Re6 Rc3 65. Bb5 Kf5 66. Re8 Kg5 67. Kg2 Kg4 68. Re4+ Kf5 69. Rf4+ Ke5 70. Kf3 Ke6 71. Re4+ Kd6 72. Rxe3 Rc1 73. g4 Rf1+ 74. Ke4 Rg1 75. Kf4 Rf1+ 76. Rf3 Rg1 77. Kf5 Ke7 78. Re3+ Kf7 79. Be8+ Kg7 80. Re4 Rf1+ 81. Ke6 Ra1 82. c5 Ra6+ 83. c6 Rb6 84. Kd7 Rb1 85. Re6 Rd1+ 86. Rd6 Rg1 87. c7 Rc1 88. Kd8 Rc2 89. Bc6 Rh2 90. c8Q Rh8+ 91. Be8 f5 92. Rg6+ Kf8 93. Qc5# 1-0

[Event "BLR-ch U20 Girls"]
[Site "Minsk"]
[Date "2022.04.22"]
[Round "11"]
[White "Ajusheva, Renata"]
[Black "Bendik, Margarita"]
[Result "0-1"]
[WhiteElo "1416"]
[BlackElo "1501"]
[PlyCount "68"]
[EventDate "2022.04.13"]
[EventType "tourn"]
[EventRounds "11"]
[EventCountry "BLR"]
[SourceTitle "CBM 208 Extra"]
[Source "ChessBase"]
[SourceDate "2022.07.31"]
[SourceVersion "1"]
[SourceVersionDate "2022.07.31"]
[SourceQuality "1"]

1. d4 Nf6 2. Nf3 c5 3. d5 g6 4. Nc3 d6 5. e4 Bg7 6. Bb5+ Bd7 7. a4 0-0 8. 0-0 Bxb5 9. axb5 Nbd7 10. Re1 Ne8 11. Bf4 Nc7 12. Qd3 Nb6 13. Nd2 Qd7 14. Ra5 a6 15. bxa6 bxa6 16. Bg3 f5 17. f3 f4 18. Bf2 g5 19. h3 h5 20. e5 Qf5 21. Qxf5 Rxf5 22. exd6 exd6 23. g4 hxg4 24. hxg4 Bxc3 25. bxc3 Rxd5 26. Ne4 Kf7 27. Raa1 Nc4 28. Rad1 Rg8 29. Rxd5 Nxd5 30. Rd1 Ke6 31. Rxd5 Kxd5 32. Nf6+ Ke6 33. Nxg8 a5 34. Kf1 a4 0-1

[Event "BLR-ch U20 Girls"]
[Site "Minsk"]
[Date "2022.04.19"]
[Round "8"]
[White "Bendik, Margarita"]
[Black "Zeliantsova, Kseniya"]
[Result "1/2-1/2"]
[WhiteElo "1501"]
[BlackElo "1987"]
[PlyCount "92"]
[EventDate "2022.04.13"]
[EventType "tourn"]
[EventRounds "11"]
[EventCountry "BLR"]
[SourceTitle "CBM 208 Extra"]
[Source "ChessBase"]
[SourceDate "2022.07.31"]
[SourceVersion "1"]
[SourceVersionDate "2022.07.31"]
[SourceQuality "1"]

1. e4 g6 2. d4 Bg7 3. Nc3 d6 4. g3 Nd7 5. Bg2 e5 6. Be3 Ngf6 7. h3 0-0 8. Nge2 Re8 9. 0-0 exd4 10. Bxd4 c6 11. a4 Nc5 12. e5 Nfd7 13. exd6 Bf8 14. b4 Ne6 15. b5 c5 16. Be3 Nf6 17. Nd5 Nxd5 18. Qxd5 Qxd6 19. Nf4 Qxd5 20. Bxd5 Nd4 21. Ra2 Rb8 22. g4 Rd8 23. c3 Ne6 24. Nxe6 Bxe6 25. Bxe6 fxe6 26. Re1 Rd3 27. Rc2 b6 28. Ree2 Bg7 29. c4 Rbd8 30. Kg2 Ra3 31. Ra2 Rdd3 32. a5 Bf6 33. a6 Rac3 34. Rec2 Bd4 35. Bxd4 Rxc2 36. Rxc2 Rxd4 37. f3 Kf7 38. Kg3 e5 39. Rc3 Ke6 40. Kf2 g5 41. Ke3 e4 42. fxe4 Ke5 43. Rc1 Rxe4+ 44. Kd3 Rd4+ 45. Ke3 Re4+ 46. Kd3 Rd4+ 1/2-1/2

[Event "BLR-ch U20 Girls"]
[Site "Minsk"]
[Date "2022.04.13"]
[Round "2"]
[White "Bendik, Margarita"]
[Black "Poliakova, Varvara"]
[Result "1/2-1/2"]
[WhiteElo "1501"]
[BlackElo "2017"]
[PlyCount "97"]
[EventDate "2022.04.13"]
[EventType "tourn"]
[EventRounds "11"]
[EventCountry "BLR"]
[SourceTitle "CBM 208 Extra"]
[Source "ChessBase"]
[SourceDate "2022.07.31"]
[SourceVersion "1"]
[SourceVersionDate "2022.07.31"]
[SourceQuality "1"]

1. e4 e5 2. Nf3 Nc6 3. Bb5 a6 4. Bxc6 dxc6 5. 0-0 Qd6 6. Na3 Be6 7. Qe2 f6 8. Rd1 Bg4 9. Nc4 Qe6 10. Ne3 Bh5 11. Nf5 0-0-0 12. Ng3 Bf7 13. d4 exd4 14. Nxd4 Qc4 15. Be3 Qxe2 16. Ngxe2 Re8 17. f3 Bc5 18. Nf5 Bxe3+ 19. Nxe3 Ne7 20. Kf2 Ng6 21. Nf5 Rhg8 22. Rd2 Ne5 23. b3 Be6 24. Ned4 Bd7 25. Rad1 g6 26. Ne3 c5 27. Ne2 Bc6 28. Nf4 Rgf8 29. Nd3 Nd7 30. Re1 b6 31. h4 h5 32. a4 a5 33. Nc4 g5 34. e5 g4 35. e6 Ne5 36. Ncxe5 fxe5 37. Nxe5 Rxe6 38. Nxc6 Rxc6 39. Rd5 gxf3 40. gxf3 Rcf6 41. Re3 Rh8 42. Ree5 Rhf8 43. Re3 Rh8 44. Kg3 Kb7 45. Rg5 Kc6 46. f4 Rd6 47. Rge5 Rh7 48. Re2 Kd7 49. Kf3 1/2-1/2